| 000 | 01141njm a2200265 i 4500 | ||
|---|---|---|---|
| 001 | 5037 | ||
| 003 | ES-MaACL | ||
| 005 | 20250622050204.0 | ||
| 007 | s|r||||||||||| | ||
| 008 | 070913s1984 sp ||| g ||||||||1|nspa d | ||
| 100 | 1 |
_aAlonso, Dámaso, _d1898-1990 _920195 |
|
| 245 | 1 | 1 |
_a"Hijos de la ira" _h[Grabación sonora] _b: cuarenta años / _cintervienen Dámaso Alonso, Carlos Bousoño y Luis Rosales. |
| 260 |
_aMadrid : _bAteneo de Madrid, _c1984. |
||
| 300 |
_a2 discos (CD-DA) (1 h. 41 min. 18 seg.) ; _c12 cm. |
||
| 500 | _aDatos basados en la invitación. | ||
| 518 | _aActo organizado por la Sección de Literatura del Ateneo de Madrid, grabado en el salón de actos el miércoles, 2 de mayo de 1984, a las 20:00 h. | ||
| 610 | 0 | 4 |
_aAteneo de Madrid- _xActos culturales- _y1984- _vGrabaciones sonoras _91899 |
| 700 | 1 |
_aBousoño, Carlos, _d1923-2015 _931032 |
|
| 700 | 1 |
_aRosales, Luis, _d1910-1992 _999644 |
|
| 710 | 2 |
_aAteneo de Madrid. _bSección de Literatura. _91997 |
|
| 852 |
_aES-MaACL _jROT 6/1/10 _95154 _cROT |
||
| 852 |
_aES-MaACL _jROT 6/1/11 _9203651 _cROT |
||
| 942 | _2udc | ||
| 999 |
_c5037 _d5037 |
||